| 000 | 01020cam a22003257a 4500 | ||
|---|---|---|---|
| 003 | CHAP | ||
| 005 | 20220817041850.0 | ||
| 008 | 971013s1973 r 00010 d | ||
| 010 | _a26992 | ||
| 011 | _a27964 | ||
| 035 | _a32065 | ||
| 040 | _cCHAP | ||
| 082 |
_a146.3 _bL32 |
||
| 100 | 0 | 0 |
_aLabriola, Antonio. _964312 |
| 245 | 1 | 3 | _aLa concepción materialista de la historia |
| 260 |
_aMéxico : _bEd. El Caballito, _c1973 |
||
| 300 | _a404 p. | ||
| 490 | 0 |
_aFilosofía _v; 1 |
|
| 500 | _aSustituye a: La concepción materialista de historia de Gerardo Unzuela | ||
| 590 |
_aBATCH-UPD _b10 _c20130110 _lUCH01 _h1012 |
||
| 590 |
_aBATCH-UPD _b10 _c20130410 _lUCH01 _h0620 |
||
| 590 |
_aBATCH-UPD _b10 _c20130914 _lUCH01 _h1618 |
||
| 590 |
_aCONVERSION _b10 _c20130109 _lUCH01 _h1316 |
||
| 650 | 1 | 4 |
_aHistoria _xFilosofía. _955604 |
| 650 | 1 | 4 | _aMaterialismo dialéctico. |
| 830 | 0 |
_aFilosofía _v; 1 _940891 |
|
| 901 | _aBK | ||
| 942 | _cLIBRO | ||
| 949 |
_a146.3 L32 _bBC _cLIBRO _d33724000273702 _eLIBRO _h68500 _i32065 _si |
||
| 999 |
_c26992 _d26992 |
||